000 00543nam a2200217Ia 4500
003 OSt
005 20220923230811.0
006 a|||||r|||| 00| 0
007 ta
008 Pun
024 _a305,627
037 _cTextual
040 _aARTS
_cARTS
_bPun
041 _2Pun
_aPun
082 _aQ8441, 153M6
100 _aਬਲ, ਬਲਦੇਵ ਸਿੰਘ
_9160936
245 0 _aਸਿੱਖ ਧਰਮ
260 _c1986
942 _hQ8441, 153M6
_cTEXL
_2CC
999 _c387419
_d387419